| 000 | 00823nam a22002657a 4500 | ||
|---|---|---|---|
| 001 | BR9900277 | ||
| 003 | BR-BrBNA | ||
| 005 | 20230928100110.0 | ||
| 007 | ta | ||
| 008 | 230509b bl.||||| |||| 00| 0 por d | ||
| 040 |
_aBR-BrBNA _bpor _cBiblioteca Nacional de Agricultura |
||
| 041 | _a(Por) | ||
| 072 | _aC20 | ||
| 090 | _ C20 BR9900277 | ||
| 110 | 1 |
_aCompanhia de Cigarros Souza Cruz, Florianopolis, SC (Brasil). Depto. de Fumo _92339 |
|
| 110 | 1 | _aEmpresa de Pesquisa Agropecuaria e Difusao de Tecnologia de Santa Catarina S.A., Florianopolis (Brasil) | |
| 245 | 1 | _aHortas escolares; ensinar e plantar | |
| 260 | 3 |
_aFlorianopolis, SC (Brasil): _cnd. |
|
| 300 | _a32 p. | ||
| 650 | _aCurso | ||
| 650 | _aPratica Cultural | ||
| 650 | _aExtensao Rural | ||
| 909 |
_a202309 _bLucia _c55 _dLucia Elande |
||
| 942 | _cBK | ||
| 999 |
_c60322 _d60322 |
||